000
002580000a22000970004500
100
1
_a
Cotterell, Peter (1930-)
245
1
0
_a
Hermeneutics : Some linguistic considerations
300
_a
Vol. 13, Nñum 3 (1995), Páginas 78-73
773
0
_t
Evangel
942
_c
ANA
999
_c
54202
_d
54202